| 000 -LEADER |
| fixed length control field |
00341nam a22001337a 4500 |
| 003 - CONTROL NUMBER IDENTIFIER |
| control field |
OSt |
| 005 - DATE AND TIME OF LATEST TRANSACTION |
| control field |
20200528142150.0 |
| 008 - FIXED-LENGTH DATA ELEMENTS--GENERAL INFORMATION |
| fixed length control field |
200528b ||||| |||| 00| 0 eng d |
| 020 ## - INTERNATIONAL STANDARD BOOK NUMBER |
| International Standard Book Number |
9787561138373 |
| 082 ## - DEWEY DECIMAL CLASSIFICATION NUMBER |
| Classification number |
728.809 |
| 245 ## - TITLE STATEMENT |
| Title |
Villa Design Collection |
| Remainder of title |
Patrick Leung Interiors volume 2 |
| 260 ## - PUBLICATION, DISTRIBUTION, ETC. (IMPRINT) |
| Name of publisher, distributor, etc |
PAL on Mssion Hills |
| Date of publication, distribution, etc |
2009 |
| 942 ## - ADDED ENTRY ELEMENTS (KOHA) |
| Source of classification or shelving scheme |
|